000 01307nam a22003134a 4500
001 197834
003 ES-MaACL
005 20251025063031.0
008 250922s2024 ec ||||| |||| 001 0 spa d
020 _a9789942512628
040 _aES-MaACL
_bspa
_cES-MaACL
_erda
080 _a821.134.2(866)-051-055.2"19"
245 0 0 _aEscritoras chimboracenses :
_btomo #1
264 1 _aRiobamba, Ecuador :
_bAdela Irene Moscoso Valarezo,
_c[2024]
300 _a237 páginas :
_bfotografías (blanco y negro y color) ;
_c21 cm
336 _2rdacontent
_atexto
337 _2rdamedia
_asin mediación
338 _2rdacarrier
_avolumen
500 _aÍndice
501 _aEjemplar dedicado y firmado por Adela Irene Moscoso Valarezo, presidenta de la Asociación de Escritoras Contemporáneas del Ecuador
650 7 _9242423
_aEscritoras ecuatorianas
655 7 _2tgfbne
_9176539
_aPoesías
700 0 _983755
_aMoscoso Valarezo, Adela Irene
_epbd
852 _aES-MaACL
_cDEPO1
_jA-15810
_gDedicatoria autógrafa de Adela Irene Moscoso Valarezo
_hDonación: Adela Irene Moscoso Valarezo
_xEncuadernación rústica
_9206851
942 _cMONOGRAFIA
_n0
999 _c197834
_d197834